000
00284nam a22001337a 4500
008
171016b xxu||||| |||| 00| 0 eng d
020
_a
0395500516
041
_a
eng
080
_2
2ND
_a
33
100
_a
52
101
_a
EKO
245
_a
ECONOMICS
_c
KAMERSCHEN,D.R
942
_2
udc
_c
BK
999
_c
33993
_d
33993